| 000 | 00930cam a22002891 4500 | ||
|---|---|---|---|
| 001 | 76000 | ||
| 003 | BD-RjUL | ||
| 005 | 20211209082756.0 | ||
| 008 | 721116s1957 nyua 000 0 eng | ||
| 035 | _a(BD-RjUL)76219 | ||
| 035 | _a(OCoLC)497529 | ||
| 040 |
_aDLC _cOClU _dOCoLC _dNcRS _dOCoLC _dUk _dDLC _beng |
||
| 041 | _aeng | ||
| 082 |
_a385 _223 _bBAC 1957 |
||
| 100 | 1 |
_aBaker, George P. _q(George Pierce), _d1903-1995. _9233366 |
|
| 245 | 1 | 0 |
_aCase problems in transportation management / _c[by] George P. Baker [and] Gayton E. Germane. |
| 260 |
_aNew York : _bMcGraw-Hill, _c1957. |
||
| 300 |
_a523 p. : _bill. ; _c24 cm. |
||
| 490 | 0 | _aHarvard Business School case books | |
| 650 | 0 |
_aTransportation _xCase studies. _9233367 |
|
| 700 | 1 |
_aGermane, Gayton E. _9233368 |
|
| 906 |
_a7 _bcbc _coclcrpl _du _encip _f19 _gy-gencatlg |
||
| 942 |
_2ddc _cBK |
||
| 999 |
_c76000 _d76000 |
||